00390nam a2200157Ia 450000500170000000800410001702000180005805000240007610000190010024500370011926000340015630000210019044000060021152100070021752600080022420140403083904.0140130s9999 xx 000 0 und d a9780545052658 aPZ 7 b.P61464 2010 aPierce, Tamora cTamora Pierce.aMelting stones / bScholastic,c2008aNew York : a312 p. :c18 cm. v1 aG3 c590